| 000 | 00813nam a22002777a 4500 | ||
|---|---|---|---|
| 001 | BR0704749 | ||
| 003 | BR-BrBNA | ||
| 005 | 20230928102530.0 | ||
| 007 | ta | ||
| 008 | 230509b bl.||||| |||| 00| 0 por d | ||
| 040 |
_aBR-BrBNA _bpor _cBiblioteca Nacional de Agricultura |
||
| 041 | _a(Por) | ||
| 072 | _aL70 | ||
| 090 | _ L70 BR0704749 | ||
| 110 | 1 |
_aUniversidade de São Paulo, São Paulo (Brasil) _910514 |
|
| 245 | 1 | _aA faculdade de Medicina Veterinária e a profissão de veterinário | |
| 260 | 3 |
_aSão Paulo, SP (Brasil): _c1944. |
|
| 300 | _a14 p. | ||
| 500 | _aDocumento microfilmado e tratado BR7314311 | ||
| 650 | _aMEDICINA VETERINÁRIA | ||
| 650 | _aHIGIENE VETERINÁRIA | ||
| 650 | _aENSINO SUPERIOR | ||
| 650 | _aSÃO PAULO | ||
| 909 |
_a202309 _bLucia _c55 _dLucia Elande |
||
| 942 | _cBK | ||
| 999 |
_c71242 _d71242 |
||